<?xml version="1.0" encoding="UTF-8"?>
<record
    xmlns:xsi="http://www.w3.org/2001/XMLSchema-instance"
    xsi:schemaLocation="http://www.loc.gov/MARC21/slim http://www.loc.gov/standards/marcxml/schema/MARC21slim.xsd"
    xmlns="http://www.loc.gov/MARC21/slim">

  <leader>02294cam a2200325 i 4500</leader>
  <datafield tag="999" ind1=" " ind2=" ">
    <subfield code="c">28133</subfield>
    <subfield code="d">28104</subfield>
  </datafield>
  <controlfield tag="001">20345032</controlfield>
  <controlfield tag="003">EG-ScBUE</controlfield>
  <controlfield tag="005">20200218102523.0</controlfield>
  <controlfield tag="008">180205s2018    ii a   f      001 0 eng d</controlfield>
  <datafield tag="020" ind1=" " ind2=" ">
    <subfield code="a">9789352700974 (paperback)</subfield>
  </datafield>
  <datafield tag="040" ind1=" " ind2=" ">
    <subfield code="a">DLC</subfield>
    <subfield code="b">eng</subfield>
    <subfield code="e">rda</subfield>
    <subfield code="c">DLC</subfield>
    <subfield code="d">EG-ScBUE</subfield>
  </datafield>
  <datafield tag="082" ind1="0" ind2="4">
    <subfield code="a">616.9041</subfield>
    <subfield code="b">AHL</subfield>
    <subfield code="2">22</subfield>
  </datafield>
  <datafield tag="100" ind1="1" ind2=" ">
    <subfield code="a">Ahluwalia, Jyotica,</subfield>
    <subfield code="e">author.</subfield>
    <subfield code="9">39058</subfield>
  </datafield>
  <datafield tag="245" ind1="1" ind2="0">
    <subfield code="a">Medical microbiology :</subfield>
    <subfield code="b">made easy /</subfield>
    <subfield code="c">Jyotica Ahluwalia, MBBS MD, reader and head, Department of Microbiology, JKK Nattraja Dental College and Hospital, Komarapalayam, Tamil Nadu, India.</subfield>
  </datafield>
  <datafield tag="250" ind1=" " ind2=" ">
    <subfield code="a">First edition.</subfield>
  </datafield>
  <datafield tag="264" ind1=" " ind2="1">
    <subfield code="a">New Delhi, India :</subfield>
    <subfield code="b">Jaypee Brothers Medical Publishers (P) Ltd :</subfield>
    <subfield code="b">The Health Science Publisher,</subfield>
    <subfield code="c">2018.</subfield>
  </datafield>
  <datafield tag="300" ind1=" " ind2=" ">
    <subfield code="a">xvi, 431 pages :</subfield>
    <subfield code="b">illustrations (some color) ;</subfield>
    <subfield code="c">18 cm</subfield>
  </datafield>
  <datafield tag="336" ind1=" " ind2=" ">
    <subfield code="a">text</subfield>
    <subfield code="b">txt</subfield>
    <subfield code="2">rdacontent</subfield>
  </datafield>
  <datafield tag="337" ind1=" " ind2=" ">
    <subfield code="a">unmediated</subfield>
    <subfield code="b">n</subfield>
    <subfield code="2">rdamedia</subfield>
  </datafield>
  <datafield tag="338" ind1=" " ind2=" ">
    <subfield code="a">volume</subfield>
    <subfield code="b">nc</subfield>
    <subfield code="2">rdacarrier</subfield>
  </datafield>
  <datafield tag="500" ind1=" " ind2=" ">
    <subfield code="a">Includes index.</subfield>
  </datafield>
  <datafield tag="520" ind1=" " ind2=" ">
    <subfield code="a">Medical microbiology is a branch of medical science concerned with the prevention, diagnosis and treatment of infectious diseases. This book is a comprehensive guide to microbiology for undergraduate and postgraduate students. Beginning with an overview of bacteriology, the text goes on to explain biofilms (one or more types of microorganism that can grow on many different surfaces including bacteria, fungi and protists), and hospital waste management. The following sections cover advances in diagnostic techniques, then explore the subspecialties of microbiology - immunology, pathogenic bacteriology, parasitology, virology, and mycology. Each chapter is presented in a text and bullet point format to emphasise the key points. Self-assessment questions conclude each topic to assist revision. Key points. Comprehensive guide to microbiology for students. In depth discussion on subspecialties such as immunology, parasitology and virology. Includes self-assessment questions to assist revision. Further enhanced by clinical images and figures.</subfield>
  </datafield>
  <datafield tag="650" ind1=" " ind2="7">
    <subfield code="a">Medical microbiology.</subfield>
    <subfield code="2">BUEsh</subfield>
  </datafield>
  <datafield tag="653" ind1=" " ind2=" ">
    <subfield code="b">PPhrm</subfield>
    <subfield code="c">February2020</subfield>
  </datafield>
  <datafield tag="655" ind1=" " ind2=" ">
    <subfield code="v">Reading book</subfield>
    <subfield code="9">34232</subfield>
  </datafield>
  <datafield tag="906" ind1=" " ind2=" ">
    <subfield code="a">7</subfield>
    <subfield code="b">cbc</subfield>
    <subfield code="c">origres</subfield>
    <subfield code="d">2</subfield>
    <subfield code="e">ncip</subfield>
    <subfield code="f">20</subfield>
    <subfield code="g">y-gencatlg</subfield>
  </datafield>
  <datafield tag="942" ind1=" " ind2=" ">
    <subfield code="2">ddc</subfield>
    <subfield code="c">BB</subfield>
  </datafield>
  <datafield tag="952" ind1=" " ind2=" ">
    <subfield code="0">0</subfield>
    <subfield code="1">0</subfield>
    <subfield code="2">ddc</subfield>
    <subfield code="4">0</subfield>
    <subfield code="7">0</subfield>
    <subfield code="8">Academic Science House</subfield>
    <subfield code="a">MAIN</subfield>
    <subfield code="b">MAIN</subfield>
    <subfield code="c">1ST</subfield>
    <subfield code="d">2020-02-18</subfield>
    <subfield code="e">Purchase</subfield>
    <subfield code="g">580.00</subfield>
    <subfield code="h">993</subfield>
    <subfield code="l">0</subfield>
    <subfield code="o">616.9041 AHL</subfield>
    <subfield code="p">000048739</subfield>
    <subfield code="r">2025-07-15 00:00:00</subfield>
    <subfield code="v">725.00</subfield>
    <subfield code="w">2020-02-18</subfield>
    <subfield code="y">BB</subfield>
  </datafield>
</record>
